Islam and the Economy of Pakistan : (Record no. 522822)

000 -LEADER
fixed length control field 01143cam a22003374a 4500
001 - CONTROL NUMBER
control field 14363294
003 - CONTROL NUMBER IDENTIFIER
control field NUST
005 - DATE AND TIME OF LATEST TRANSACTION
control field 20190122142237.0
008 - FIXED-LENGTH DATA ELEMENTS--GENERAL INFORMATION
fixed length control field 060504s2006 pk b 001 0 eng
010 ## - LIBRARY OF CONGRESS CONTROL NUMBER
LC control number 2006330094
020 ## - INTERNATIONAL STANDARD BOOK NUMBER
International Standard Book Number 019547001X
020 ## - INTERNATIONAL STANDARD BOOK NUMBER
International Standard Book Number 9780195470017
025 ## - OVERSEAS ACQUISITION NUMBER
Overseas acquisition number P-E-2006330094; 05; 27; 29
038 ## - RECORD CONTENT LICENSOR
Staff Name Tanveer
040 ## - CATALOGING SOURCE
Original cataloging agency DLC
Transcribing agency DLC
Modifying agency DLC
042 ## - AUTHENTICATION CODE
Authentication code lcode
043 ## - GEOGRAPHIC AREA CODE
Geographic area code a-pk---
050 00 - LIBRARY OF CONGRESS CALL NUMBER
Classification number HC440.5
Item number .P3637 2006
082 ## - DEWEY DECIMAL CLASSIFICATION NUMBER
Classification number 330.95491
Author Mark PAL
100 1# - MAIN ENTRY--PERSONAL NAME
Personal name Pal, Izzud-Din.
9 (RLIN) 13127
245 00 - TITLE STATEMENT
Title Islam and the Economy of Pakistan :
Remainder of title a critical analysis of traditional interpretation /
Statement of responsibility, etc. Izzud-Din Pal.
260 ## - PUBLICATION, DISTRIBUTION, ETC.
Place of publication, distribution, etc. Karachi :
Name of publisher, distributor, etc. Oxford University Press,
Date of publication, distribution, etc. 2006.
300 ## - PHYSICAL DESCRIPTION
Extent xv, 159 p. ;
Dimensions 23 cm.
504 ## - BIBLIOGRAPHY, ETC. NOTE
Bibliography, etc. note Includes bibliographical references (p. [143]-153) and index.
650 #0 - SUBJECT ADDED ENTRY--TOPICAL TERM
Topical term or geographic name entry element Islam
General subdivision Economic aspects
Geographic subdivision Pakistan.
9 (RLIN) 13128
651 #0 - SUBJECT ADDED ENTRY--GEOGRAPHIC NAME
Geographic name Pakistan
General subdivision Economic conditions.
9 (RLIN) 2783
856 42 - ELECTRONIC LOCATION AND ACCESS
Materials specified Publisher description
Uniform Resource Identifier <a href="http://www.loc.gov/catdir/enhancements/fy0725/2006330094-d.html">http://www.loc.gov/catdir/enhancements/fy0725/2006330094-d.html</a>
906 ## - LOCAL DATA ELEMENT F, LDF (RLIN)
a 7
b cbc
c origode
d 3
e ncip
f 20
g y-gencatlg
942 ## - ADDED ENTRY ELEMENTS (KOHA)
Source of classification or shelving scheme
Koha item type Book
Holdings
Withdrawn status Lost status Source of classification or shelving scheme Damaged status Not for loan Permanent Location Current Location Date acquired Total Checkouts Full call number Barcode Date last seen Date last checked out Price effective from Koha item type
          NUST Law School (NLS) NUST Law School (NLS) 01/22/2019 1 330.95491 PAL NIT-7763 08/07/2020 10/17/2019 01/22/2019 Book
© 2023 Central Library, National University of Sciences and Technology. All Rights Reserved.